| 000 | 00951nam a2200265 a 4500 | ||
|---|---|---|---|
| 001 | BRL_408 | ||
| 005 | 20190320210728.0 | ||
| 008 | 070813s1956----mx-a######---#000-0#spa-# | ||
| 041 | _aspa | ||
| 044 | _amx | ||
| 050 | 4 |
_aF1219 _b.M66 6 1956 |
|
| 100 | 1 |
_aCicco, Gabriel de _923822 |
|
| 245 | 1 | 0 |
_aReconocimiento Arqueológico en el Suroeste de Oaxaca _cpor Gabriel de Cicco y Donald Brockington; traducción de Eduardo Noguera. |
| 260 |
_aMéxico _bInstituto Nacional de Antropología e Historia _c1956 |
||
| 300 |
_a111 p. _bil., mapas _c23 cm. |
||
| 440 | 0 |
_aDirección de monumentos pre-hispanicos _pInformes _v6 _923823 |
|
| 500 | _aAu424 | ||
| 650 | 1 | 4 |
_aIndígenas de México _xAntigüedades _zMéxico-Oaxaca _923824 |
| 651 | 4 |
_aOaxaca (México) _xAntigüedades _923825 |
|
| 651 | 4 |
_aOaxaca (México) _xArqueología _923826 |
|
| 700 | 1 |
_aBrockington, Donald _923827 |
|
| 700 | 1 |
_aNoguera, Eduardo _etr. _919544 |
|
| 902 | _aGRL | ||
| 942 |
_2lcc _cB |
||
| 999 |
_c9221 _d9221 |
||